The how and why wonder book of our earth/ (Record no. 492)
[ view plain ]
| 000 -LEADER | |
|---|---|
| fixed length control field | 00439nam a22001337a 4500 |
| 008 - FIXED-LENGTH DATA ELEMENTS--GENERAL INFORMATION | |
| fixed length control field | 150511b xxu||||| |||| 00| 0 eng d |
| 050 ## - LIBRARY OF CONGRESS CALL NUMBER | |
| Classification number | Q 163 .S88 1969 |
| 100 ## - MAIN ENTRY--PERSONAL NAME | |
| Personal name | Sutton, Felix |
| Dates associated with a name | 1969 |
| 245 ## - TITLE STATEMENT | |
| Title | The how and why wonder book of our earth/ |
| Statement of responsibility, etc. | Felix Sutton. |
| 260 ## - PUBLICATION, DISTRIBUTION, ETC. (IMPRINT) | |
| Place of publication, distribution, etc. | New York: |
| Name of publisher, distributor, etc. | Grosset & Dunlap Publishers, |
| Date of publication, distribution, etc. | 1969. |
| 300 ## - PHYSICAL DESCRIPTION | |
| Extent | 48p.: ill. |
| 440 ## - SERIES STATEMENT/ADDED ENTRY--TITLE | |
| Volume/sequential designation | Vol. iv |
| 942 ## - ADDED ENTRY ELEMENTS (KOHA) | |
| Source of classification or shelving scheme | |
| Koha item type | Hard Covered Materials |
| Classification part | Q 163 .S88 1969 |
| Call number prefix | Q |
| Call number suffix | 163 .S88 1969 |
| Withdrawn status | Lost status | Source of classification or shelving scheme | Damaged status | Not for loan | Home library | Current library | Date acquired | Total Checkouts | Full call number | Barcode | Date last seen | Price effective from | Koha item type |
|---|---|---|---|---|---|---|---|---|---|---|---|---|---|
| MACHAKOS UNIVERSITY LIBRARY | MACHAKOS UNIVERSITY LIBRARY | 11/05/2015 | Q 163 .S88 1969 | 3315 | 11/05/2015 | 11/05/2015 | Hard Covered Materials |